000
00263nam a2200121Ia 4500
008
241002s9999 xx 000 0 und d
082
_a
792.2 SHA
100
_a
Shaw Bernand
245
0
_a
Man Superman
260
_a
New York:
_c
1957
600
_a
Art
942
_c
UC
999
_c
18664
_d
18664